| Поле | Название | Значение |
| |
Тип записи |
a |
| |
Библиографический уровень |
m |
| 001 |
Контрольный номер |
RU/URAIT/539338 |
| 003 |
Принадлежность контрольного номера |
https://urait.ru/bcode/539338 |
| 005 |
Дата корректировки |
20240827112622.6 |
| 008 |
Кодируемые данные |
|
| 020 |
Индекс ISBN |
__ |
| a |
ISBN |
978-5-534-16017-8 |
| c |
Цена, тираж |
1199.00 |
| 040 |
Источник каталогиз. |
__ |
| a |
Служба первич. каталог. |
ИКО Юрайт |
| b |
Код языка каталог. |
rus |
| c |
Служба, преобразующая запись |
ИКО Юрайт |
| 041 |
Код языка издания |
0_ |
| a |
Код языка текста |
rus |
| 044 |
Код страны публикации |
__ |
| a |
Код страны публикации |
RU |
| 073 |
|
_1 |
| a |
|
9785534160178 |
| d |
|
1199.00 |
| 080 |
Индекс УДК |
__ |
| a |
Индекс УДК |
651.012(075.32) |
| 084 |
Индекс другой классификации/Индекс ББК |
__ |
| a |
Индекс другой классификации/Индекс ББК |
60.844я723 |
| 2 |
Источник индекса |
rubbk |
| 091 |
Индексы/ коды |
__ |
| a |
Индекс ББК (DOS) |
60.844я723 |
| z |
|
rubbk |
| 100 |
Автор |
1_ |
| a |
Автор |
Доронина Л. А. |
| q |
Полное имя |
Лариса Алексеевна |
| 230 |
|
__ |
| a |
|
Электрон. дан. |
| 245 |
Заглавие |
00 |
| a |
Заглавие |
Документационное обеспечение управления |
| b |
Продолж. заглавия |
учебник и практикум |
| c |
Ответственность |
Л. А. Доронина, В. С. Иритикова. |
| 250 |
Сведения об издании |
__ |
| a |
Основные сведения об издании |
2-е изд. |
| b |
Дополнительные сведения об издании |
пер. и доп |
| 260 |
Выходные данные |
1_ |
| a |
Место издания |
Москва |
| b |
Издательство |
Юрайт |
| c |
Дата издания |
2024 |
| 300 |
Физическое описание |
__ |
| a |
Объем |
270 с |
| 440 |
Серия |
_0 |
| a |
Серия |
Профессиональное образование |
| 500 |
Примечания |
__ |
| a |
Примечание |
URL: https://urait.ru/bcode/539338 (дата обращения: 27.08.2024). |
| 520 |
Аннотация |
__ |
| a |
Аннотация |
В книге рассматривается современная концепция учебной дисциплины «Организация и технология документационного обеспечения управления», анализируются история развития технологии обработки документов и организация документооборота в России. Отдельные главы посвящены организации работы с поступающими, отправляемыми и внутренними документами, контролю за исполнением документов, регистрации документов и организации информационно-справочной работы по документам в условиях внедрения систем электронного документооборота, технологии оперативного хранения документов и вопросам подготовки документов для передачи на архивное хранение. Содержание учебника соответствует актуальным требованиям Федерального государственного образовательного стандарта высшего образования. |
| 538 |
Прим. о системных особенностях |
__ |
| a |
Прим. о системных особенностях |
Режим доступа: Электронно-библиотечная система Юрайт, для авториз. пользователей |
| 653 |
Ключевые слова |
2_ |
| a |
Ключевые слова |
Документоведение и делопроизводство |
| 653 |
Ключевые слова |
2_ |
| a |
Ключевые слова |
Менеджмент |
| 653 |
Ключевые слова |
2_ |
| a |
Ключевые слова |
Документационное обеспечение управления |
| 653 |
Ключевые слова |
2_ |
| a |
Ключевые слова |
Делопроизводство в кадровой службе |
| 653 |
Ключевые слова |
2_ |
| a |
Ключевые слова |
Документоведение |
| 653 |
Ключевые слова |
2_ |
| a |
Ключевые слова |
Основы делопроизводства |
| 653 |
Ключевые слова |
2_ |
| a |
Ключевые слова |
Делопроизводство |
| 653 |
Ключевые слова |
2_ |
| a |
Ключевые слова |
Документационное обеспечение управления персоналом |
| 653 |
Ключевые слова |
2_ |
| a |
Ключевые слова |
Ведение конфиденциального делопроизводства |
| 653 |
Ключевые слова |
2_ |
| a |
Ключевые слова |
Документационное обеспечение профессиональной деятельности |
| 653 |
Ключевые слова |
2_ |
| a |
Ключевые слова |
Правовые основы деятельности организации с основами делопроизводства |
| 653 |
Ключевые слова |
2_ |
| a |
Ключевые слова |
Документационное обеспечение деятельности организации |
| 653 |
Ключевые слова |
2_ |
| a |
Ключевые слова |
Организация документационного обеспечения управления и функционирования организации |
| 653 |
Ключевые слова |
2_ |
| a |
Ключевые слова |
Основы документационного обслуживания управления |
| 653 |
Ключевые слова |
2_ |
| a |
Ключевые слова |
Документационно-правовое обеспечение профессиональной деятельности |
| 653 |
Ключевые слова |
2_ |
| a |
Ключевые слова |
Проектирование документационного обеспечения и документооборота системы менеджмента качества |
| 653 |
Ключевые слова |
2_ |
| a |
Ключевые слова |
Кадровое делопроизводство |
| 653 |
Ключевые слова |
2_ |
| a |
Ключевые слова |
Документационное обеспечение |
| 653 |
Ключевые слова |
2_ |
| a |
Ключевые слова |
Делопроизводство и документоведение |
| 653 |
Ключевые слова |
2_ |
| a |
Ключевые слова |
Документоведение и делопроизводство |
| 653 |
Ключевые слова |
2_ |
| a |
Ключевые слова |
Введение в документоведение |
| 653 |
Ключевые слова |
2_ |
| a |
Ключевые слова |
Основы документоведения |
| 653 |
Ключевые слова |
2_ |
| a |
Ключевые слова |
Осуществление организационного и документационного обеспечения деятельности организации |
| 653 |
Ключевые слова |
2_ |
| a |
Ключевые слова |
Основы документоведения и делопроизводства в социальной работе |
| 700 |
Другие авторы |
1_ |
| a |
Другие авторы |
Иритикова В. С. |
| q |
Полное имя |
Вера Степановна |
| 856 |
Электронный адрес документа |
40 |
| n |
Местонахождение сервера |
Юрайт |
| g |
|
Электронная книга |
| q |
Тип электронного формата |
html |
| h |
Имя пользователя |
ЮРАЙТ |
| v |
Часы доступа к ресурсу |
20251231 |
| 2 |
Способ доступа |
Показать документ |
| x |
Служебное примечание |
https://urait.ru/book/cover/4166B01D-09F3-4E59-857B-8CBC39442670 |
| u |
URL |
https://urait.ru/bcode/539338 |
| 856 |
Электронный адрес документа |
41 |
| q |
Тип электронного формата |
cover |
| u |
URL |
https://urait.ru/book/cover/4166B01D-09F3-4E59-857B-8CBC39442670 |